Bilecik Bilecik Bilecik Bilecik Bilecik

Özetlenmiş cerrahi bilimi/ (Record no. 47552)

MARC details
000 -BAŞLIK
Sabit Uzunluktaki Kontrol Alanı 01054nam a22003377a 4500
001 - KONTROL NUMARASI
Control Dosyası 0047709
003 - KONTROL NUMARASI KİMLİĞİ
Kontrol Alanı KOHA_MİRAKIL
005 - EN SON İŞLEM TARİHİ ve ZAMANI
Kontrol Alanı 20260207003555.0
007 - FİZİKSEL TANIM SABİT ALAN - GENEL BİLGİ
Sabit uzunluklu kontrol alanı ta
008 - SABİT UZUNLUKTAKİ VERİ ÖGELERİ - GENEL BİLGİ
Sabit Alan 150325b1982 tu a|||gr||||#||||0|tur |
040 ## - KATALOGLAMA KAYNAĞI
Özgün Kataloglama Kurumu TR-BiSEU
Kataloglama Dili tur
Çeviri Kurumu TR-BiSEU
Açıklama Kuralları rda
041 0# - DİL KODU
Metin ya da ses kaydının dil kodu tur
044 ## - YAYINLAYAN/ÜRETEN KURULUŞUN ÜLKE KODU
ISO country code tu
050 ## - SINIFLAMA ve YER NUMARASI
Sınıflama Numarası RD31
Yer Numarası .O94 1982
245 0# - ESER ADI BİLDİRİMİ
Başlık Özetlenmiş cerrahi bilimi/
Sorumluluk Bildirimi Editör Turan Gürgen.
264 #1 - ÜRERİM, YAYIN, DAĞITIM ve TELİF BİLDİRİMİ
Yayın yeri İstanbul :
Yayınlayan İstanbul Üniversitesi
Yayın tarihi 1982
300 ## - FİZİKSEL TANIMLAMA
Sayfa, Cilt vb. c. :
Diğer fiziki detaylar resimli; 24 cm.
336 ## - İÇERİK TÜRÜ
Content type term metin
Content type code txt
Source rdacontent
337 ## - MEDYA TÜRÜ
Media type term aracısız
Media type code n
Source rdamedia
338 ## - TAŞIYICI TÜRÜ
Carrier type term cilt
Carrier type code nc
Source rdacarrier
490 1# - DİZİ BİLDİRİMİ
Dizi Bildirimi İstanbul Üniversitesi Cerrahpaşa Tıp Fakültesi Yayınları Rektörlük no ;
Cilt Numarası 2983.
490 1# - DİZİ BİLDİRİMİ
Dizi Bildirimi Dekanlık no ;
Cilt Numarası 102.
490 1# - DİZİ BİLDİRİMİ
Dizi Bildirimi
500 ## - GENEL NOT
Genel Not Kaynakça var.
650 #0 - KONU BAŞLIĞI EK GİRİŞ - KONU TERİMİ
Konusal terim veya coğrafi ad Cerrahi.
9 (RLIN) 74756
650 #0 - KONU BAŞLIĞI EK GİRİŞ - KONU TERİMİ
Konusal terim veya coğrafi ad Surgery.
9 (RLIN) 74757
830 1# - SERİ EK GİRİŞİ - TEKBİÇİM ESER ADI
Tekbiçim Başlık İstanbul Üniversitesi Cerrahpaşa Tıp Fakültesi Yayınları Rektörlük no ;
Volume number/sequential designation 2983.
9 (RLIN) 87569
830 1# - SERİ EK GİRİŞİ - TEKBİÇİM ESER ADI
Tekbiçim Başlık Dekanlık no ;
Volume number/sequential designation 102.
9 (RLIN) 83361
830 1# - SERİ EK GİRİŞİ - TEKBİÇİM ESER ADI
Tekbiçim Başlık
9 (RLIN) 1620
942 ## - EK GİRİŞ ÖGELERİ (KOHA)
Source of classification or shelving scheme Library of Congress Classification
Koha item type Book
Holdings
Materyal Türü Kalıcı Konum Mevcut Konum Raf Yeri Sınıflandırma Kaynağı Edinim Bilgisi Ana Konular Alt Konular Yer Numarası Cilt Bilgisi Demirbaş Numarası Fatura Tarihi Geri Çekilme Durumu Kayıp Durumu Hasarlı Durumu Kredi için değil Kayıt Tarih Toplam Ödünçverme Son Görülme Tarihi Son Kontrol Tarihi Genel / Bağış Notu
Book Prof. Dr. Azmi Özcan Kütüphanesi Prof. Dr. Azmi Özcan Kütüphanesi Birûni Salonu Library of Congress Classification Bağış TIP Cerrahi RD31 .O94 1982 c.2 0047709 02/02/2026         25/03/2015   05/12/2024 05/12/2024 Genel Bağış